[Event "4th Orense it"]
[Site "Orense ESP"]
[Date "1975.01.30"]
[Round "13"]
[White "Bellon Lopez, Juan Manuel"]
[Black "Larsen, Bent"]
[Result "0-1"]
[WhiteElo "2415"]
[BlackElo "2625"]
[EventDate "1975.01.16"]
[PlyCount "176"]

1.e4 c5 2.Nc3 e6 3.g3 Nc6 4.Bg2 Nf6 5.Nh3 Be7 6.O-O Rb8 7.a4 d5 8.Re1 d4 
9.Nb5 e5 10.c4 h5 11.f3 h4 12.g4 Nh7 13.d3 a6 14.Na3 Qd7 15.Bd2 Bd8 16.Rb1
Nb4 17.Qb3 Ba5 18.Re2 Qc7 19.Nc2 Nf8 20.Nf2 Ne6 21.Ra1 Nc6 22.Nh3 O-O 23.
Bxa5 Qxa5 24.Rf2 g5 25.Bf1 Rd8 26.Re2 Rd6 27.Ree1 Nb4 28.Nxb4 Rb6 29.Qc2 
Rxb4 30.Be2 Qd8 31.Reb1 Qf6 32.a5 Bd7 33.Bd1 Qd8 34.Ra3 b6 35.axb6 Qxb6 
36.b3 a5 37.Rba1 a4 38.bxa4 Rb2 39.Qc1 Qa5 40.Bc2 Kf8 41.R1a2 Rxa2 42.Rxa2
f6 43.Kf1 Nd8 44.Qe1 Qa6 45.Ng1 Nc6 46.Qd2 Nb4 47.Ra3 Rb6 48.Ne2 Qb7 49.
Bb3 Ra6 50.Nc1 Nc6 51.Bd1 Nd8 52.a5 Ne6 53.Rb3 Qc7 54.Ra3 Ke7 55.Qa2 Kd6 
56.Qd2 Qd8 57.Qc2 Qb8 58.Rb3 Qa8 59.Ra3 Nd8 60.Nb3 Nc6 61.Qd2 Be6 62.Ke2 
Ne7 63.Ra2 Ng6 64.Nc1 Nf4+ 65.Ke1 Bd7 66.Be2 Ra7 67.Bd1 Ne6 68.Ra3 Nd8 69.
Nb3 Nc6 70.Ke2 Rb7 71.Bc2 Qa6 72.Bd1 Rb8 73.Bc2 Nb4 74.Kd1 Qc8 75.Kc1 Na6 
76.Bd1 Qb7 77.Bc2 Be6 78.Kd1 Qd7 79.Kc1 Rb4 80.Qe2 Qe8 81.Qf1 Bd7 82.Qd1 
Kc7 83.Kd2 Kb8 84.Kc1 Ka7 85.Kd2 Qb8 86.Ke2 Ba4 87.Kf1 Bxb3 88.Rxb3 Rxb3 
0-1

[Event "4th Orense it"]
[Site "Orense ESP"]
[Date "1975.01.30"]
[Round "13"]
[White "Cardoso, Rodolfo Tan"]
[Black "Andersson, Ulf"]
[Result "0-1"]
[WhiteElo "2410"]
[BlackElo "2565"]
[EventDate "1975.01.16"]
[PlyCount "64"]

1.e4 c5 2.Nf3 e6 3.d4 cxd4 4.Nxd4 Nf6 5.Nc3 d6 6.g3 a6 7.Bg2 Qc7 8.O-O Be7
9.h3 Nc6 10.a4 Rb8 11.Nce2 O-O 12.c4 Nxd4 13.Qxd4 e5 14.Qd3 Be6 15.b3 b5 
16.cxb5 axb5 17.Be3 bxa4 18.bxa4 Rb3 19.Qd2 Ra8 20.Kh2 Qb7 21.Nc3 Qb4 22.
Rfc1 h6 23.Nd5 Bxd5 24.exd5 Rxa4 25.Rc8+ Bf8 26.Rxa4 Qxa4 27.Bxh6 gxh6 28.
Qxh6 Nh7 29.Qxd6 Qd4 30.Qc7 Qxf2 31.Qc1 Qxg3+ 32.Kg1 Ng5 0-1

[Event "4th Orense it"]
[Site "Orense ESP"]
[Date "1975.01.30"]
[Round "13"]
[White "Garcia Gonzales, Guillermo"]
[Black "Quinteros, Miguel Angel"]
[Result "1/2-1/2"]
[WhiteElo "2485"]
[BlackElo "2505"]
[EventDate "1975.01.16"]
[PlyCount "128"]

1.c4 g6 2.Nc3 Bg7 3.d4 d6 4.e4 e5 5.dxe5 dxe5 6.Qxd8+ Kxd8 7.f4 Be6 8.Nf3 
Nd7 9.Be2 exf4 10.Nd5 Ngf6 11.Bxf4 Rc8 12.Ng5 h6 13.Nxe6+ fxe6 14.Nc3 Ne8 
15.O-O-O Ke7 16.Rd2 Nd6 17.Rhd1 Ne5 18.c5 Ndf7 19.Nb5 Bf6 20.Nxa7 Ra8 21.
Nb5 Rxa2 22.Kb1 Ra4 23.Nxc7 Rc8 24.Nb5 Rxc5 25.Be3 Rc6 26.Na7 Rxe4 27.
Nxc6+ bxc6 28.Bc5+ Ke8 29.Ba6 Be7 30.Bd4 Bb4 31.Re2 Rxe2 32.Bxe2 Ke7 33.
Kc2 c5 34.Be3 g5 35.Ra1 Nd6 36.Ra7+ Kf6 37.Rc7 Nf5 38.Bf2 Nd4+ 39.Bxd4 
cxd4 40.h3 Kf5 41.Rb7 Be1 42.Bd3+ Kf4 43.Rb6 h5 44.Rxe6 h4 45.Ba6 Bb4 46.
Rb6 Be1 47.Kd1 Bf2 48.Ke2 Kg3 49.Rf6 Be3 50.Bb7 Bf4 51.Bd5 d3+ 52.Kd1 Kf2 
53.Rxf4+ gxf4 54.Kd2 f3 55.gxf3 Nxf3+ 56.Kxd3 Ng5 57.b4 Nxh3 58.Ke4 Kg3 
59.b5 Nf4 60.b6 Nxd5 61.Kxd5 h3 62.b7 h2 63.b8=Q+ Kg2 64.Qb2+ Kg1 1/2-1/2

[Event "4th Orense it"]
[Site "Orense ESP"]
[Date "1975.01.30"]
[Round "13"]
[White "Gheorghiu, Florin"]
[Black "Diez del Corral Rivas, Jesus Maria"]
[Result "1-0"]
[WhiteElo "2540"]
[BlackElo "2515"]
[EventDate "1975.01.16"]
[PlyCount "81"]

1.d4 Nf6 2.c4 g6 3.Nc3 Bg7 4.e4 d6 5.f3 O-O 6.Be3 e5 7.d5 Ne8 8.Qd2 f5 9.
O-O-O Na6 10.exf5 gxf5 11.Bd3 Nc5 12.Bc2 Qh4 13.f4 Ne4 14.Bxe4 fxe4 15.
Nxe4 exf4 16.Bd4 Bf5 17.Nf3 Qe7 18.Nc3 Bxd4 19.Nxd4 Ng7 20.Rdf1 Bg6 21.
Rxf4 Rxf4 22.Qxf4 Re8 23.b3 Nh5 24.Qd2 Qe5 25.g3 Ng7 26.Rf1 a6 27.Kb2 Qe3 
28.Qxe3 Rxe3 29.Rf3 Re1 30.Rf2 Rh1 31.a4 Bd3 32.Nce2 Rd1 33.Kc3 ( 33.Nf4 
Bxc4 34.Nfe6 ( 34.Kc3 b5 ( 34...Rc1+ 35.Kd2 Rf1 36.Rxf1 Bxf1 37.Ke1 Bb5 
38.axb5 axb5 39.Nxb5 Ne8 40.Ne6 c6 41.dxc6 bxc6 42.Nbd4 ) ( 34...Be2 ) ( 
34...Rf1 35.Rf3 ) 35.bxc4 b4+ 36.Kxb4 Rxd4 ) 34...Nxe6 ( 34...Rf1 ) 35.
Nxe6 ( 35.dxe6 Rxd4 36.bxc4 Re4 ) 35...Rf1 36.Rd2 Bxd5 37.Rxd5 Rf2+ 38.Ka3
( 38.Kc3 Rxh2 39.Nxc7 ) 38...Rxh2 39.Nxc7 ) 33...Be4 34.Nf4 c5 35.dxc6 
bxc6 36.Nfe6 Rd3+ 37.Kb2 Nxe6 38.Nxe6 Bf3 39.Nf4 Re3 40.Rd2 d5 41.cxd5 {
'#r'} 1-0

[Event "4th Orense it"]
[Site "Orense ESP"]
[Date "1975.01.30"]
[Round "13"]
[White "Keene, Raymond Dennis"]
[Black "Rodriguez Vargas, Orestes"]
[Result "1/2-1/2"]
[WhiteElo "2505"]
[BlackElo "2435"]
[EventDate "1975.01.16"]
[PlyCount "112"]

1.Nf3 d5 2.b3 Bg4 3.e3 Nd7 4.Bb2 Ngf6 5.c4 e6 6.Be2 Bd6 7.Nc3 c6 8.Nd4 Ne5
9.d3 c5 10.Ndb5 Bxe2 11.Qxe2 dxc4 12.dxc4 Bb8 13.Rd1 Qe7 14.Na4 O-O 15.O-O
Ned7 16.Qf3 a6 17.Nbc3 Ne5 18.Qe2 Nc6 19.Ba3 Ba7 20.Rd2 Rab8 21.Rfd1 b6 
22.Bb2 Rb7 23.Ba1 Rfb8 24.Qf3 Ne5 25.Qg3 Ng6 26.f3 b5 27.Nb2 Bb6 28.Ne2 
Ba5 29.Rd3 Bc7 30.Qf2 Ne5 31.Rc3 Ba5 32.Rcc1 Rd7 33.Nf4 Rbd8 34.Rxd7 Rxd7 
35.Rd1 bxc4 36.bxc4 Rxd1+ 37.Nxd1 Nxc4 38.Qe2 Qd7 39.Bxf6 gxf6 40.Nh5 Qd2 
41.Nxf6+ Kg7 42.Nh5+ Kh6 43.Nf4 Qxe2 44.Nxe2 Nb6 45.Ndc3 Bxc3 46.Nxc3 Nd5 
47.Ne4 c4 48.Kf2 c3 49.Nc5 Nb4 50.Ke2 Nxa2 51.Kd3 a5 52.Kc2 Kg6 53.Kb3 Nb4
54.Kxc3 h5 55.e4 h4 56.f4 Kh5 1/2-1/2

[Event "4th Orense it"]
[Site "Orense ESP"]
[Date "1975.12.30"]
[Round "13"]
[White "Lombardy, William James"]
[Black "Durao, Joaquim Manuel"]
[Result "1-0"]
[WhiteElo "2515"]
[BlackElo "2350"]
[EventDate "1975.01.16"]
[PlyCount "65"]

1.d4 Nf6 2.Nf3 g6 3.Bg5 Bg7 4.Nbd2 d6 5.e3 h6 6.Bxf6 exf6 7.a4 a5 8.c3 O-O
9.Bc4 Nd7 10.O-O f5 11.Qc2 Nf6 12.b4 b6 13.Nb3 Bb7 14.bxa5 bxa5 15.Rfb1 f4
16.Nbd2 Bxf3 17.Nxf3 fxe3 18.fxe3 Qe7 19.Re1 d5 20.Bd3 c5 21.Rab1 Rab8 22.
Rxb8 Rxb8 23.Ne5 Qc7 24.Bb5 Ne4 25.Nc6 Rb6 26.c4 cxd4 27.cxd5 Nd6 28.exd4 
Nxb5 29.axb5 Qf4 30.g3 Rxc6 $2 31.dxc6 $1 Qxd4+ 32.Kg2 Qd5+ 33.Re4 1-0

[Event "4th Orense it"]
[Site "Orense ESP"]
[Date "1975.01.30"]
[Round "13"]
[White "Pomar Salamanca, Arturo"]
[Black "Hernando Pertierra, Jose Carlos"]
[Result "1-0"]
[WhiteElo "2450"]
[BlackElo "2200"]
[EventDate "1975.01.16"]
[PlyCount "59"]

1.d4 Nf6 2.Nf3 g6 3.g3 Bg7 4.Bg2 O-O 5.O-O c5 6.c4 cxd4 7.Nxd4 Nc6 8.Nc3 
d6 9.Nxc6 bxc6 10.Qa4 Bd7 11.Bxc6 Bxc6 12.Qxc6 Qc8 13.Qa4 Qh3 14.f3 Rfc8 
15.Bd2 Nh5 16.Nd5 Rc5 17.Rf2 e6 18.Nf4 Nxf4 19.Bxf4 Rac8 20.Rc1 R5c6 21.
Qxa7 Bxb2 22.Rc2 Bf6 23.Rf1 Rxc4 24.Rxc4 Rxc4 25.Rd1 Rc2 26.Qb8+ Kg7 27.
Bxd6 Bd4+ 28.Kh1 h5 29.Qf8+ Kh7 30.Qxf7+ 1-0

[Event "4th Orense it"]
[Site "Orense ESP"]
[Date "1975.01.30"]
[Round "13"]
[White "Tarjan, James Edward"]
[Black "Ljubojevic, Ljubomir"]
[Result "0-1"]
[WhiteElo "2480"]
[BlackElo "2615"]
[EventDate "1975.01.16"]
[PlyCount "90"]

1.Nf3 Nf6 2.c4 c5 3.g3 b6 4.Bg2 Bb7 5.O-O e6 6.b3 Be7 7.Bb2 O-O 8.Nc3 a6 
9.d4 cxd4 10.Qxd4 d6 11.Rfd1 Nbd7 12.Qd2 Qb8 13.Nd4 Bxg2 14.Kxg2 Rc8 15.f3
Ra7 16.e4 Rb7 17.Qe2 Ne8 18.Rab1 Bf6 19.a4 Rbc7 20.Qe3 Qb7 21.Ba3 Nc5 22.
Bb4 Qb8 23.Nde2 Be7 24.Nd4 Nf6 25.Nde2 Nfd7 26.Nd4 Ne5 27.Nce2 Qb7 28.Nc3 
Qa8 29.Qe2 Bf6 30.Qe3 h6 31.Ba3 Nxb3 32.Rxb3 Nxc4 33.Qd3 Bxd4 34.Qxd4 Na5 
35.Rxb6 Rxc3 36.Bxd6 Rc2+ 37.Kh3 Nc4 38.Rb4 a5 39.Rb5 Kh7 40.Be5 Nxe5 41.
Qxe5 Qa7 42.Qd4 Qxd4 43.Rxd4 Rf2 44.Rd3 Rcc2 45.Rxa5 g5 0-1

[Event "4th Orense it"]
[Site "Orense ESP"]
[Date "1975.01.31"]
[Round "14"]
[White "Diez del Corral Rivas, Jesus Maria"]
[Black "Andersson, Ulf"]
[Result "0-1"]
[WhiteElo "2515"]
[BlackElo "2565"]
[EventDate "1975.01.16"]
[PlyCount "102"]

1.e4 c5 2.Nf3 e6 3.d3 b6 4.g3 Bb7 5.Bg2 Be7 6.O-O Nf6 7.Re1 O-O 8.Nbd2 d6 
9.h4 Nbd7 10.Nh2 Ne8 11.Ndf1 Nc7 12.h5 Rb8 13.c3 Qe8 14.g4 e5 15.f4 Ne6 
16.f5 Ng5 17.Nd2 h6 18.Ndf3 Qd8 19.c4 a6 20.Bd2 Bc6 21.Qc1 Nxf3+ 22.Nxf3 
Nf6 23.g5 hxg5 24.Kf2 g4 25.Ng5 Nh7 26.Nxh7 Kxh7 27.Rh1 b5 28.Rb1 bxc4 29.
dxc4 Bh4+ 30.Ke2 Rh8 31.h6 g6 32.Rf1 Rf8 33.Kd3 Bd7 34.Qd1 gxf5 35.exf5 
Qf6 36.Qxg4 Rg8 37.Qe2 Rg3+ 38.Kc2 Rbg8 39.Be4 Bg5 40.Rbe1 Bxd2 41.Qxd2 
R8g4 42.Kc1 Rh4 43.Rh1 Rxe4 44.Rxe4 Bc6 45.Qe1 Qg5+ 46.Kc2 Bxe4+ 47.Qxe4 
Re3 48.Qd5 Qxf5+ 49.Kc1 Re2 50.Qd1 Qf4+ 51.Kb1 Qe4+ 0-1

[Event "4th Orense it"]
[Site "Orense ESP"]
[Date "1975.01.31"]
[Round "14"]
[White "Durao, Joaquim Manuel"]
[Black "Bellon Lopez, Juan Manuel"]
[Result "0-1"]
[WhiteElo "2350"]
[BlackElo "2415"]
[EventDate "1975.01.16"]
[PlyCount "84"]

1.b3 d5 2.Bb2 Bg4 3.Nf3 Nd7 4.e3 c6 5.Be2 e6 6.d3 Ngf6 7.Nbd2 Bd6 8.O-O 
O-O 9.c4 Rc8 10.Qc2 Re8 11.Rfe1 e5 12.e4 d4 13.h3 Bh5 14.a3 a5 15.Rab1 b5 
16.cxb5 cxb5 17.Qd1 Bxf3 18.Nxf3 Qe7 19.Ra1 Rc7 20.Rc1 Rb7 21.Ra1 Rc8 22.
Qd2 Nc5 23.Rec1 Rbc7 24.Qd1 Nfd7 25.Nd2 g6 26.a4 bxa4 27.bxa4 Nb6 28.Nc4 
Nxc4 29.Rxc4 Na6 30.Rxc7 Rxc7 31.Rc1 Ba3 32.Rxc7 Nxc7 33.Bxa3 Qxa3 34.Qc2 
Qc3 35.Qa2 Ne6 36.Qd5 Nf4 37.Qd8+ Kg7 38.Bf3 Nxd3 39.Kh2 Nxf2 40.Qe7 d3 
41.h4 h6 42.g4 d2 0-1

[Event "4th Orense it"]
[Site "Orense ESP"]
[Date "1975.01.31"]
[Round "14"]
[White "Gheorghiu, Florin"]
[Black "Keene, Raymond Dennis"]
[Result "1/2-1/2"]
[WhiteElo "2540"]
[BlackElo "2505"]
[EventDate "1975.01.16"]
[PlyCount "30"]

1.c4 Nf6 2.Nc3 e6 3.Nf3 Bb4 4.Qc2 O-O 5.a3 Bxc3 6.Qxc3 d6 7.g3 e5 8.Bg2 
Nc6 9.b4 Bg4 10.Bb2 Re8 11.h3 Bh5 12.b5 Nd4 13.g4 Ne4 14.Qc1 Nxf3+ 15.Bxf3
Bg6 1/2-1/2

[Event "4th Orense it"]
[Site "Orense ESP"]
[Date "1975.01.31"]
[Round "14"]
[White "Hernando Pertierra, Jose Carlos"]
[Black "Garcia Gonzales, Guillermo"]
[Result "0-1"]
[WhiteElo "2200"]
[BlackElo "2485"]
[EventDate "1975.01.16"]
[PlyCount "80"]

1.Nf3 Nf6 2.c4 g6 3.b3 Bg7 4.Bb2 O-O 5.g3 d6 6.Bg2 e5 7.O-O c5 8.d3 Nc6 9.
Nc3 h6 10.Nd2 Be6 11.Nd5 Bxd5 12.cxd5 Nb4 13.a3 Nbxd5 14.b4 cxb4 15.Qb3 
Nc3 16.Rfe1 Qd7 17.Qxb4 Na4 18.Rab1 Nxb2 19.Rxb2 Rab8 20.Nc4 Rfd8 21.Na5 
d5 22.Qb5 Qe6 23.Rc1 Bf8 24.Rc7 Bxa3 25.Rb3 Rdc8 26.Rxc8+ Rxc8 27.h3 Rc1+ 
28.Kh2 Bc5 29.d4 Bxd4 30.e3 Bb6 31.Nxb7 Qf5 32.Rb2 Qh5 33.Bf1 Qd1 34.Kg2 
d4 35.e4 Nxe4 36.Qe8+ Kg7 37.Qxe5+ Kh7 38.Qb5 Ng5 39.Nd6 Qf3+ 40.Kh2 d3 
0-1

[Event "4th Orense it"]
[Site "Orense ESP"]
[Date "1975.01.31"]
[Round "14"]
[White "Larsen, Bent"]
[Black "Pomar Salamanca, Arturo"]
[Result "1-0"]
[WhiteElo "2625"]
[BlackElo "2450"]
[EventDate "1975.01.16"]
[Annotator "Larsen,Bent"]
[PlyCount "61"]

1.Nf3 Nf6 2.b3 e6 3.Bb2 b6 4.g3 Bb7 5.Bg2 d5 6.c4 Nbd7 7.O-O Bd6 8.Nc3 O-O
9.Qc2 a6 10.cxd5 exd5 11.d3 Re8 12.Rfe1 Nc5 {[Para oponerse al avance 
blanco del pe�n "e". ]} 13.Rad1 Qd7 14.e3 Rad8 ( {Quiz�s fuese mejor} 
14...a5 {.} ) 15.Ne2 Ng4 16.h3 Nh6 17.Nc3 f5 18.b4 Ne6 19.Qb3 Qf7 20.e4 
dxe4 21.dxe4 Nf8 $2 ( {Mejor} 21...f4 $142 22.g4 Kh8 {, aunque las blancas
quedar�an con ventaja.} ) 22.Nd5 Kh8 23.Ng5 ( {No serv�a} 23.e5 $2 {, por}
23...Bxd5 24.Rxd5 Bxb4 $1 ) 23...Qg6 24.h4 Bxd5 25.Rxd5 f4 {[Pierde 
inmediatamente, aunque la posici�n negra era ya muy mala. ]} 26.h5 $1 Qxh5
27.Ne6 ( {La jugada m�s exacta, gana un tiempo, pero tambi�n} 27.Bxg7+ {
era suficientemente buena.} ) 27...Qg6 28.Nxg7 Qxg7 29.Bxg7+ Kxg7 30.Qc3+ 
Kg8 31.e5 1-0

[Event "4th Orense it"]
[Site "Orense ESP"]
[Date "1975.01.31"]
[Round "14"]
[White "Ljubojevic, Ljubomir"]
[Black "Cardoso, Rodolfo Tan"]
[Result "1-0"]
[WhiteElo "2615"]
[BlackElo "2410"]
[EventDate "1975.01.16"]
[PlyCount "87"]

1.e4 c5 2.Nf3 d6 3.d4 cxd4 4.Nxd4 Nf6 5.Nc3 a6 6.Bg5 Nc6 7.Bc4 Qa5 8.Bxf6 
gxf6 9.Ne2 h5 10.Nf4 e6 11.Be2 h4 12.Bg4 Ne5 13.Bh3 Bd7 14.O-O Rc8 15.Kh1 
Be7 16.Nfe2 b5 17.a3 Qb6 18.Qc1 Bc6 19.Qd1 Bb7 20.b3 Rg8 21.f3 a5 22.Qd2 
Qc5 23.Ra2 Rd8 24.Nd4 d5 25.exd5 b4 26.axb4 axb4 27.Ncb5 Rxd5 28.Rd1 Rd7 
29.c4 bxc3 30.Nxc3 Nxf3 31.gxf3 Bxf3+ 32.Nxf3 Rxd2 33.Rdxd2 Qc6 34.Rd3 Bb4
35.Bf1 Rg5 36.Ra4 Bc5 37.Ne4 Rf5 38.Rc4 Ke7 39.b4 Rxf3 40.Rxf3 f5 41.Ng5 
f6 42.Rxc5 Qa8 43.Bg2 fxg5 44.Rc7+ 1-0

[Event "4th Orense it"]
[Site "Orense ESP"]
[Date "1975.01.31"]
[Round "14"]
[White "Quinteros, Miguel Angel"]
[Black "Tarjan, James Edward"]
[Result "1/2-1/2"]
[WhiteElo "2505"]
[BlackElo "2480"]
[EventDate "1975.01.16"]
[PlyCount "142"]

1.d4 Nf6 2.c4 g6 3.g3 Bg7 4.Bg2 d5 5.Nf3 c6 6.Nbd2 O-O 7.O-O Bf5 8.b3 Ne4 
9.Bb2 Qa5 10.a3 Nd7 11.b4 Qd8 12.Qb3 Ndf6 13.a4 Qd7 14.c5 Bh3 15.Nxe4 Nxe4
16.b5 Bxg2 17.Kxg2 f5 18.e3 g5 19.Rfe1 g4 20.Ng1 h5 21.h4 gxh3+ 22.Nxh3 h4
23.Nf4 hxg3 24.f3 Ng5 25.Rh1 Rf6 26.Qd3 Raf8 27.Bc3 Rh6 28.Rxh6 Bxh6 29.
Rh1 Rf6 30.Nh5 Rg6 31.Be1 Ne6 32.Nxg3 cxb5 33.Qxf5 Nf8 34.Qxd7 Nxd7 35.
axb5 Bxe3 36.Bf2 Bf4 37.Kf1 Bxg3 38.Rg1 Bxf2 39.Rxg6+ Kf7 40.Rg5 Be3 41.
Rxd5 Nf6 42.Rd8 e6 43.Ke2 Ke7 44.Rb8 Bxd4 45.Rxb7+ Kd8 46.c6 Nd5 47.Kd3 
Bb6 48.Rd7+ Ke8 49.Rh7 Nc7 50.Ke4 Nxb5 51.Ke5 Nd4 52.c7 Nxf3+ 53.Kxe6 Ng5+
54.Kf5 Bxc7 55.Rxc7 Nf7 56.Rxa7 Nd8 57.Rc7 Nf7 58.Ke6 Nd8+ 59.Kf6 Kf8 60.
Re7 Nc6 61.Rh7 Ke8 62.Ke6 Nd8+ 63.Kf6 Nc6 64.Rc7 Nd8 65.Re7+ Kf8 66.Re4 
Nc6 67.Re6 Nd8 68.Re7 Nc6 69.Rd7 Ke8 70.Rd1 Nd8 71.Rxd8+ Kxd8 1/2-1/2

[Event "4th Orense it"]
[Site "Orense ESP"]
[Date "1975.01.31"]
[Round "14"]
[White "Rodriguez Vargas, Orestes"]
[Black "Lombardy, William James"]
[Result "1/2-1/2"]
[WhiteElo "2435"]
[BlackElo "2515"]
[EventDate "1975.01.16"]
[PlyCount "86"]

1.d4 Nf6 2.c4 c5 3.d5 e6 4.Nc3 exd5 5.cxd5 d6 6.e4 g6 7.f4 Bg7 8.Nf3 O-O 
9.Be2 b5 10.e5 dxe5 11.fxe5 Ng4 12.Bf4 Nd7 13.e6 Nde5 14.Nxe5 Nxe5 15.
exf7+ Rxf7 16.O-O b4 17.Ne4 Bb7 18.Nxc5 Rxf4 19.Rxf4 Qb6 20.Rc1 Rc8 21.d6 
Rxc5 22.Rxc5 Qxc5+ 23.Kh1 Bd5 24.Qa4 Qxd6 25.Qe8+ Bf8 26.Rxf8+ Qxf8 27.
Qxe5 Bxa2 28.Qa5 Be6 29.Qxa7 Qf4 30.Qa1 Qd4 31.Bf3 Kg7 32.Qc1 Bf7 33.h3 h6
34.Qc2 g5 35.Qe2 Kf6 36.Bh5 Be6 37.Qf3+ Qf4 38.Qa8 Qc1+ 39.Kh2 Qc7+ 40.Kh1
Qc1+ 41.Kh2 Qf4+ 42.Kh1 Kg7 43.Qb7+ Kf6 1/2-1/2

[Event "4th Orense it"]
[Site "Orense ESP"]
[Date "1975.02.02"]
[Round "15"]
[White "Cardoso, Rodolfo Tan"]
[Black "Quinteros, Miguel Angel"]
[Result "0-1"]
[WhiteElo "2410"]
[BlackElo "2505"]
[EventDate "1975.01.16"]
[PlyCount "96"]

1.e4 c5 2.Nf3 e6 3.d4 cxd4 4.Nxd4 a6 5.Nc3 Qc7 6.Be2 b5 7.f4 Bb7 8.Bf3 Nc6
9.Be3 Nxd4 10.Qxd4 Ne7 11.O-O Nc6 12.Qd3 Nb4 13.Qd2 Bc5 14.Bxc5 Qxc5+ 15.
Kh1 d6 16.Rad1 Rd8 17.e5 Bxf3 18.Rxf3 d5 19.Ne4 Qxc2 20.Nd6+ Rxd6 21.Qxc2 
Nxc2 22.exd6 Kd7 23.Rc3 Nb4 24.Rc7+ Kxd6 25.Rdc1 d4 26.Rxf7 Nd3 27.Rc2 g5 
28.g3 e5 29.fxe5+ Nxe5 30.Rf1 d3 31.Rc3 b4 32.Rxd3+ Nxd3 33.Rd1 Ke5 34.
Rxd3 g4 35.Rb3 a5 36.h3 h5 37.a3 Rb8 38.hxg4 hxg4 39.Kg1 Kd4 40.Kf1 Rf8+ 
41.Ke1 Kc4 42.Re3 Rh8 43.axb4 Rh1+ 44.Kd2 Rh2+ 45.Re2 Rxe2+ 46.Kxe2 Kxb4 
47.Kd2 Kc4 48.Kc2 a4 0-1

[Event "4th Orense it"]
[Site "Orense ESP"]
[Date "1975.02.02"]
[Round "15"]
[White "Garcia Gonzales, Guillermo"]
[Black "Larsen, Bent"]
[Result "0-1"]
[WhiteElo "2485"]
[BlackElo "2625"]
[EventDate "1975.01.16"]
[Annotator "Larsen,Bent"]
[PlyCount "86"]

1.Nf3 b6 ( {La inolvidable Tartakower, comentada en el libro el Torneo de 
Karlsbad, 1929. Actualmente se sabe que es preferible} 1...b5 {.} ) 2.e4 
Bb7 3.Nc3 e6 4.d4 Bb4 5.Bd3 Bxc3+ 6.bxc3 Ne7 7.O-O d6 8.Re1 Nd7 9.e5 $5 {
[El joven maestro cubano quiere una posici�n abierta, pero ahora el alfil 
negro trabaja bien en la gran diagonal.]} 9...dxe5 10.Nxe5 Nxe5 11.Rxe5 
Ng6 12.Rh5 Qd7 13.a4 a6 $6 ( {Probablemente es mejor} 13...O-O ) 14.Ra3 $5
f5 $5 ( {Nuevamente era de considerar} 14...O-O ) 15.Bf1 h6 {[El negro 
quiere jugar ... Td8 antes de enrocar, para hacer m�s dif�cil el plan de 
las blancas que consiste en el avance del pe�n "d", seguido de Th3. ]} 16.
Rh3 O-O 17.a5 {[Ofreciendo tablas. Garc�a no pod�a hacer ya la norma de 
Gran Maestro. Mi ventaja sobre Ljubojevic y Andersson era de medio punto. 
?Aceptar tablas?. !No!, no quer�a compartir el primer puesto.]} 17...b5 
18.c4 Rad8 19.cxb5 axb5 20.Qh5 Rf6 21.Rhb3 ( {Mejor es} 21.a6 $142 $1 ) 
21...Ba6 22.Ra2 $2 {[Las maniobr as de las torres blancas han sido dignas 
de consideraci�n, pero estas dos �ltimas jugadas han aliviado algo la 
posici�n negra. Tambi�n ha disminuido la tensi�n nerviosa, Andersson y 
Ljubojevic acaban de acordar tablas. ]} 22...Qc6 23.Rg3 Kf7 $1 {[Una 
excepci�n. Normalmente es malo pasearse por una clavada. ]} 24.Raa3 Rxd4 
25.Bb2 Rh4 26.Qd1 e5 27.Rgc3 ( {Jugar la otra torre no es mejor. Si} 27.
Rac3 Rc4 28.Bxc4+ bxc4 29.Qh5 f4 {y las negras estar�an mejor.} ) 27...Rc4
28.Rxc4 bxc4 29.Bc3 Rd6 30.Qh5 Kf6 31.Ra1 Qe4 32.Rc1 Nf4 $2 ( {A las 
negras le quedaban 7 minutos y las blancas no ten�an m�s de 3 minutos. Con
} 32...Rd8 {, habr�a magn�ficas posibilidades pr�cticas de victoria.} ) 
33.Qe8 $1 Bb7 34.Qf8+ $4 ( {Con} 34.Re1 $1 Nh3+ 35.Kh1 Nxf2+ 36.Kg1 Nh3+ {
, tablas.} ) 34...Kg6 35.Qe8+ Kh7 36.Qxe5 Ne2+ 37.Kh1 Qxe5 38.Bxe5 Nxc1 
39.Bxd6 cxd6 40.Bxc4 d5 41.a6 Ba8 42.Bb5 Na2 43.Bd7 Kg6 0-1

[Event "4th Orense it"]
[Site "Orense ESP"]
[Date "1975.02.02"]
[Round "15"]
[White "Lombardy, William James"]
[Black "Gheorghiu, Florin"]
[Result "1/2-1/2"]
[WhiteElo "2515"]
[BlackElo "2540"]
[EventDate "1975.01.16"]
[PlyCount "28"]

1.Nf3 c5 2.c4 Nf6 3.Nc3 b6 4.g3 Bb7 5.Bg2 g6 6.O-O Bg7 7.b3 Ne4 8.Bb2 Nxc3
9.Bxc3 Bxc3 10.dxc3 O-O 11.Qd2 Kg7 12.Rad1 d6 13.Ne1 Bxg2 14.Nxg2 Nd7 
1/2-1/2